[Event "Reykjavik Kvika op"]
[Site "Reykjavik"]
[Date "2022.04.11"]
[Round "8"]
[White "Gasanova, Ulker"]
[Black "De Wachter, Livia"]
[Result "0-1"]
[WhiteElo "1479"]
[BlackElo "1171"]
[PlyCount "86"]
[EventDate "2022.04.06"]
[EventType "swiss"]
[EventRounds "9"]
[EventCountry "ISL"]
[SourceTitle "CBM 207 Extra"]
[Source "ChessBase"]
[SourceDate "2022.05.31"]
[SourceVersion "1"]
[SourceVersionDate "2022.05.31"]
[SourceQuality "1"]

1. e4 c6 2. d4 d5 3. e5 c5 4. c3 Nc6 5. Bb5 a6 6. Bxc6+ bxc6 7. h3 e6 8. Nf3 Qb6 9. 0-0 Nh6 10. dxc5 Bxc5 11. b4 Bf8 12. Be3 c5 13. a3 Nf5 14. Qe2 Bd7 15. a4 Be7 16. Nbd2 0-0 17. Rfd1 Rfb8 18. Nc4 Qc7 19. Nd6 Nxe3 20. Qxe3 cxb4 21. cxb4 Rxb4 22. Rdc1 Qb8 23. a5 Bxd6 24. exd6 Qxd6 25. Qa3 Rab8 26. Qe3 Bb5 27. Qa7 Bc4 28. Ng5 R8b7 29. Qd4 Qe7 30. Nf3 Qf6 31. Ne5 h6 32. Qe3 Rb3 33. Qd4 R7b4 34. f4 Bb5 35. Rc8+ Kh7 36. Qa7 Rb1+ 37. Rc1 Rxc1+ 38. Rxc1 Rxf4 39. Nf3 Be2 40. Qe3 Bxf3 41. gxf3 Rxf3 42. Qe2 Rg3+ 43. Kh2 Qf3 0-1

[Event "Reykjavik Kvika op"]
[Site "Reykjavik"]
[Date "2022.04.09"]
[Round "5"]
[White "De Wachter, Livia"]
[Black "Arvidsson, Jonas"]
[Result "0-1"]
[WhiteElo "1171"]
[BlackElo "1942"]
[PlyCount "36"]
[EventDate "2022.04.06"]
[EventType "swiss"]
[EventRounds "9"]
[EventCountry "ISL"]
[SourceTitle "CBM 207 Extra"]
[Source "ChessBase"]
[SourceDate "2022.05.31"]
[SourceVersion "1"]
[SourceVersionDate "2022.05.31"]
[SourceQuality "1"]

1. e4 e5 2. Nf3 Nc6 3. Bb5 a6 4. Ba4 Nf6 5. 0-0 Be7 6. Re1 b5 7. Bb3 0-0 8. h3 Bb7 9. a3 d5 10. exd5 Nxd5 11. d3 Nd4 12. Ba2 Nf4 13. Nxd4 Nxg2 14. Rxe5 Bf6 15. Re2 Bxd4 16. Nd2 Nf4 17. Ne4 Bxe4 18. Rxe4 Nxh3+ 0-1